| 000 | 00433nam a2200157Ia 4500 | ||
|---|---|---|---|
| 008 | 190423s9999 xx 000 0 und d | ||
| 100 | _aCassidy, Rachel | ||
| 245 | _aInside the mind of a stalker/ | ||
| 245 | _cRachel Cassidy | ||
| 260 | _bReader's Digest Asia | ||
| 260 | _c2019 | ||
| 300 | _aPages 86-91, March 2019 | ||
| 440 |
_aAsia Reader's Digest: Live Better With Less _v115:673 |
||
| 650 | _aCrime | ||
| 650 | _aStalking | ||
| 999 |
_c361517 _d361517 |
||